[Event "Sommerschach 2022 Vereinsspieler"]
[Site "Dortmund"]
[Date "2022.07.11"]
[Round "5.22"]
[White "Shelukie, Magd"]
[Black "Feldhammer, Oskar"]
[Result "1/2-1/2"]
[WhiteElo "1637"]
[BlackElo "1718"]
[PlyCount "101"]
[EventDate "2022.07.??"]
[EventType "tourn"]
[EventRounds "7"]
[WhiteTeam "Bergische SF"]
[BlackTeam "Bahn-SC Wuppertal"]

1. d4 d5 2. c4 e6 3. Nc3 Nf6 4. Nf3 Be7 5. Bf4 O-O 6. c5 b6 7. b4 a5 8. a3 Nh5
9. Bg3 Nxg3 10. hxg3 c6 11. Rb1 axb4 12. axb4 Nd7 13. e4 dxe4 14. Nxe4 Nf6 15.
Bd3 g6 16. Qd2 h5 17. Qf4 Kg7 18. Qe5 bxc5 19. Nxc5 Qd5 20. O-O Bd6 21. Qe2 Ra2
22. Rb2 Rxb2 23. Qxb2 Bxc5 24. bxc5 Ng4 25. Ra1 e5 26. Bf1 exd4 27. Qxd4+ Qxd4
28. Nxd4 Rd8 29. Nxc6 Rd2 30. f3 Ne3 31. Re1 Nxf1 32. Kxf1 Ba6+ 33. Kg1 g5 34.
Rc1 g4 35. Ne5 Re2 36. Nc4 Bb7 37. Nd6 Bd5 38. c6 gxf3 39. gxf3 Bxf3 40. c7 Bg4
41. c8=Q Bxc8 42. Rxc8 Ra2 43. Rc7 Kg6 44. Nxf7 Kf5 45. Rc4 Kg6 46. Rf4 Rb2 47.
Ne5+ Kg5 48. Rf7 Rb8 49. Nf3+ Kg4 50. Rf4+ Kxg3 51. Nd4 1/2-1/2

[Event "Sommerschach 2022 Vereinsspieler"]
[Site "Dortmund"]
[Date "2022.07.11"]
[Round "5.23"]
[White "Rauschenbusch, Udo"]
[Black "Sutharjan, Dakxwin"]
[Result "1-0"]
[WhiteElo "1672"]
[BlackElo "1309"]
[PlyCount "55"]
[EventDate "2022.07.??"]
[EventType "tourn"]
[EventRounds "7"]
[WhiteTeam "FS Dortmund"]
[BlackTeam "SF Brackel"]

1. Nf3 Nf6 2. g3 Nc6 3. Bg2 d5 4. d4 Bf5 5. O-O e6 6. c4 Be7 7. Nc3 O-O 8. Nh4
Bg6 9. Nxg6 hxg6 10. cxd5 exd5 11. Bf4 Bd6 12. Bg5 Be7 13. e3 Qd7 14. Bxf6 gxf6
15. Nxd5 Kg7 16. Rc1 Rh8 17. Nxe7 Qxe7 18. Bxc6 bxc6 19. Qf3 Rh3 20. Kg2 Rah8
21. Rh1 f5 22. Rxc6 Qg5 23. Qf4 Qh5 24. Rxc7 Rxh2+ 25. Rxh2 Qxh2+ 26. Kf1 Qh1+
27. Ke2 Qb1 28. Qe5+ 1-0

[Event "Sommerschach 2022 Vereinsspieler"]
[Site "Dortmund"]
[Date "2022.07.11"]
[Round "5.24"]
[White "Orlowski, Wilfried"]
[Black "Klemm, Joachim"]
[Result "1-0"]
[WhiteElo "1544"]
[BlackElo "1643"]
[PlyCount "85"]
[EventDate "2022.07.??"]
[EventType "tourn"]
[EventRounds "7"]
[BlackTeam "SU Huckarde-Westerfilde"]

1. d4 d5 2. c4 c6 3. cxd5 cxd5 4. Nf3 Nc6 5. Nc3 Bf5 6. a3 e6 7. Bf4 Bd6 8.
Bxd6 Qxd6 9. e3 Nge7 10. h3 O-O 11. Bd3 Rac8 12. O-O a6 13. Rc1 Rc7 14. Na4
Rfc8 15. Nc5 Nb8 16. Bxf5 Nxf5 17. Qd2 Qb6 18. b4 Qb5 19. Ne5 b6 20. Ncd3 f6
21. Rxc7 Rxc7 22. Rc1 Rxc1+ 23. Qxc1 Qe8 24. Nf3 Nd6 25. Qc7 Nc4 26. Nf4 Nd7
27. a4 Nf8 28. Qb7 g5 29. Nd3 a5 30. bxa5 bxa5 31. Nc5 Qd8 32. Qc6 Kf7 33. Qb7+
Kg6 34. Qb5 h5 35. Ne1 e5 36. dxe5 fxe5 37. Ned3 e4 38. Nc1 Kf5 39. N1b3 Ne6
40. Nb7 Qb6 41. Qxd5+ Ne5 42. N7xa5 Qb4 43. Qxe5+ 1-0

[Event "Sommerschach 2022 Vereinsspieler"]
[Site "Dortmund"]
[Date "2022.07.11"]
[Round "5.25"]
[White "Seewald, Robin"]
[Black "Abdo, Alan"]
[Result "1/2-1/2"]
[WhiteElo "1335"]
[BlackElo "1641"]
[PlyCount "93"]
[EventDate "2022.07.??"]
[EventType "tourn"]
[EventRounds "7"]
[WhiteTeam "SC Marsberg"]
[BlackTeam "SC Listiger Bauer Essen"]

1. e4 e6 2. d4 d5 3. exd5 exd5 4. Nf3 Bd6 5. Bd3 Nf6 6. O-O O-O 7. Bg5 Bg4 8.
Re1 Nbd7 9. Nbd2 c6 10. c3 Qc7 11. h3 Bh5 12. Qc2 Bxf3 13. Nxf3 h6 14. Bxf6
Nxf6 15. Re2 Nh5 16. Ne5 c5 17. g3 g6 18. Bxg6 fxg6 19. Qxg6+ Ng7 20. Ng4 h5
21. Nf6+ Rxf6 22. Qxf6 Rf8 23. Qg6 cxd4 24. cxd4 Qb6 25. Rae1 h4 26. Kg2 hxg3
27. fxg3 Bc7 28. Qxb6 Bxb6 29. Rd1 Nf5 30. Rd3 Nxd4 31. Red2 Nf5 32. g4 Ne3+
33. Rxe3 Bxe3 34. Rxd5 Rf2+ 35. Kg3 Rxb2 36. g5 Rd2 37. Rxd2 Bxd2 38. h4 a5 39.
a4 b5 40. axb5 Be3 41. Kf3 Bb6 42. Ke2 Kg7 43. Kd3 Kg6 44. Kc3 Bf2 45. Kb3 Bxh4
46. b6 Bxg5 47. Ka4 1/2-1/2

[Event "Sommerschach 2022 Vereinsspieler"]
[Site "Dortmund"]
[Date "2022.07.11"]
[Round "5.26"]
[White "Arnoldi, Ekkehard"]
[Black "Payes, Marco"]
[Result "0-1"]
[WhiteElo "1576"]
[BlackElo "1630"]
[PlyCount "62"]
[EventDate "2022.07.??"]
[EventType "tourn"]
[EventRounds "7"]
[WhiteTeam "SVG Plettenberg"]
[BlackTeam "SK Holsterhausen"]

1. d4 g6 2. e4 Bg7 3. Be3 d6 4. Nc3 Nd7 5. Qd2 Ngf6 6. O-O-O a6 7. f3 b5 8. Bh6
O-O 9. Bxg7 Kxg7 10. h4 b4 11. Nd5 Nxd5 12. exd5 Nf6 13. Bc4 a5 14. g4 Ba6 15.
Bb3 a4 16. Bxa4 Bc4 17. Bb3 Bxb3 18. cxb3 Rxa2 19. h5 Rh8 20. hxg6 hxg6 21. Nh3
Nxd5 22. Nf4 Nxf4 23. Qxf4 Rxh1 24. Rxh1 Ra1+ 25. Kc2 Rxh1 26. d5 Qh8 27. Qxb4
Qh2+ 28. Kc3 Rc1+ 29. Kd3 Rd1+ 30. Kc4 Qe2+ 31. Kc3 Qd3# 0-1

[Event "Sommerschach 2022 Vereinsspieler"]
[Site "Dortmund"]
[Date "2022.07.11"]
[Round "5.27"]
[White "Steinke, Hans-Jörg"]
[Black "Kendziorra, Sascha"]
[Result "1-0"]
[WhiteElo "1721"]
[BlackElo "1379"]
[PlyCount "45"]
[EventDate "2022.07.??"]
[EventType "tourn"]
[EventRounds "7"]
[WhiteTeam "SV Erkenschwick"]

1. d4 Nf6 2. c4 c6 3. Nc3 d5 4. Nf3 Bf5 5. e3 e6 6. Bd3 Bxd3 7. Qxd3 Be7 8. O-O
Nbd7 9. Bd2 dxc4 10. Qxc4 Nb6 11. Qb3 Rc8 12. Rfd1 Nfd5 13. Rac1 O-O 14. Ne4 f5
15. Nc5 Qc7 16. Nxe6 Qb8 17. Nxf8 Rxf8 18. Ne5 Kh8 19. a4 Qc7 20. f3 Bf6 21.
Nd3 Re8 22. Nc5 Ne7 23. a5 1-0

[Event "Sommerschach 2022 Vereinsspieler"]
[Site "Dortmund"]
[Date "2022.07.11"]
[Round "5.28"]
[White "Raskin, Vitali"]
[Black "Stork, Bernhard"]
[Result "1-0"]
[WhiteElo "1680"]
[BlackElo "1451"]
[PlyCount "53"]
[EventDate "2022.07.??"]
[EventType "tourn"]
[EventRounds "7"]
[BlackTeam "Dortmunder SV"]

1. d4 Nf6 2. c4 g6 3. Nc3 Bg7 4. e4 d6 5. Nf3 Nbd7 6. Be2 c6 7. O-O Qc7 8. h3
h6 9. Be3 g5 10. Rc1 g4 11. hxg4 Nxg4 12. Bf4 e5 13. dxe5 Ndxe5 14. Nxe5 Nxe5
15. Qd2 Be6 16. b3 O-O-O 17. Be3 Rdg8 18. Nb5 Qd8 19. Nxd6+ Kb8 20. Qb4 b6 21.
Rfd1 Bf8 22. c5 Rxg2+ 23. Kxg2 Rg8+ 24. Kf1 Bh3+ 25. Ke1 Rg1+ 26. Kd2 Bxd6 27.
Kc2 1-0

[Event "Sommerschach 2022 Vereinsspieler"]
[Site "Dortmund"]
[Date "2022.07.11"]
[Round "5.29"]
[White "Schulz, Robin"]
[Black "Haufe, Ulrich"]
[Result "1-0"]
[WhiteElo "1496"]
[BlackElo "1331"]
[PlyCount "69"]
[EventDate "2022.07.??"]
[EventType "tourn"]
[EventRounds "7"]
[WhiteTeam "SC Gerthe - Werne"]
[BlackTeam "SU Huckarde-Westerfilde"]

1. d4 d5 2. Nf3 e6 3. e3 f6 4. Bd3 c5 5. c3 a6 6. Nbd2 c4 7. Bc2 Ne7 8. b3 b5
9. O-O Nd7 10. e4 Bb7 11. Re1 Kf7 12. Bb2 Nb6 13. e5 f5 14. Ng5+ Kg8 15. Nxe6
Qd7 16. Nc5 Qc7 17. Nf3 Bc6 18. Bc1 Be8 19. Bf4 Bg6 20. Qb1 h6 21. Nh4 Bh7 22.
Nxf5 Nxf5 23. Bxf5 g5 24. Bg3 Qe7 25. Be6+ Kg7 26. Qd1 Bg6 27. Qf3 Kh7 28. bxc4
bxc4 29. Rab1 Qc7 30. Bxd5 Nxd5 31. Rb7 Qxb7 32. Nxb7 Nxc3 33. Na5 Bb4 34. Nxc4
Rhf8 35. Qb7+ 1-0

[Event "Sommerschach 2022 Vereinsspieler"]
[Site "Dortmund"]
[Date "2022.07.11"]
[Round "5.30"]
[White "Cassel, Silas"]
[Black "Schacht, Jürgen"]
[Result "1/2-1/2"]
[WhiteElo "1172"]
[BlackElo "1548"]
[PlyCount "96"]
[EventDate "2022.07.??"]
[EventType "tourn"]
[EventRounds "7"]
[WhiteTeam "SF Brackel"]
[BlackTeam "SV Rochade Eving"]

1. Nf3 f5 2. d4 Nf6 3. Bf4 e6 4. e3 b6 5. Be2 Bb7 6. h3 Be7 7. Nbd2 Ne4 8. c3
d6 9. Bd3 Nd7 10. Qc2 Ndf6 11. O-O O-O 12. Ng5 Nxg5 13. Bxg5 d5 14. Nf3 Nd7 15.
Bf4 h6 16. Qd1 Bf6 17. Nd2 c6 18. Be2 e5 19. dxe5 Bxe5 20. Bxe5 Nxe5 21. Qc2 c5
22. Nf3 Nc6 23. Rfd1 Ne7 24. c4 Qc7 25. cxd5 Bxd5 26. Bc4 Bxc4 27. Qxc4+ Kh7
28. e4 fxe4 29. Qxe4+ Kh8 30. Qe5 Qxe5 31. Nxe5 Kg8 32. Rd7 Rfe8 33. Rad1 Nf5
34. Nf3 Kf8 35. R1d5 Ne7 36. Rd2 Nc6 37. Kf1 Red8 38. Rxd8+ Rxd8 39. Rxd8+ Nxd8
40. Ne5 Ke7 41. Ke2 Ke6 42. Nc4 Nc6 43. Ke3 Nb4 44. a3 Nc2+ 45. Kd2 Nd4 46. Ne3
b5 47. Kc3 Ne2+ 48. Kd2 Nd4 1/2-1/2

[Event "Sommerschach 2022 Vereinsspieler"]
[Site "Dortmund"]
[Date "2022.07.11"]
[Round "5.31"]
[White "Büdel, Jürgen"]
[Black "Schoppe, Hans-Werner"]
[Result "1-0"]
[WhiteElo "1768"]
[BlackElo "1221"]
[PlyCount "49"]
[EventDate "2022.07.??"]
[EventType "tourn"]
[EventRounds "7"]
[WhiteTeam "FS Dortmund"]
[BlackTeam "SVG Marten-Bövinghausen"]

1. e4 c5 2. Nc3 Nc6 3. f4 e6 4. Nf3 g6 5. Be2 Bg7 6. O-O Nd4 7. e5 Nxe2+ 8.
Qxe2 b6 9. Ne4 Bf8 10. d3 d5 11. exd6 Bxd6 12. f5 Bb7 13. fxe6 Bxe4 14. exf7+
Kd7 15. dxe4 Ne7 16. e5 Bc7 17. Rd1+ Kc6 18. Rxd8 Raxd8 19. Bg5 Rd5 20. Bxe7
Bd8 21. f8=Q Rxf8 22. Bxf8 Kd7 23. e6+ Kc6 24. Qe4 b5 25. Ne5+ 1-0

[Event "Sommerschach 2022 Vereinsspieler"]
[Site "Dortmund"]
[Date "2022.07.11"]
[Round "5.33"]
[White "Möhrke, Marian Erik"]
[Black "Buchhop, Rainer"]
[Result "1/2-1/2"]
[WhiteElo "1292"]
[BlackElo "1493"]
[PlyCount "120"]
[EventDate "2022.07.??"]
[EventType "tourn"]
[EventRounds "7"]
[WhiteTeam "Sport Union Annen"]
[BlackTeam "SV Unser Fritz"]

1. e4 c5 2. Nf3 Nc6 3. d4 cxd4 4. Nxd4 Nf6 5. Nc3 e5 6. Nxc6 bxc6 7. Bg5 Bb4 8.
Qf3 d6 9. a3 Bxc3+ 10. Qxc3 Bd7 11. Bd3 h6 12. Bxf6 Qxf6 13. O-O O-O 14. Qd2
Rad8 15. c4 Be6 16. Qe3 Rd7 17. b4 d5 18. exd5 cxd5 19. c5 d4 20. Qe4 g6 21.
Rfe1 Bf5 22. Qf3 Qe6 23. Bxf5 gxf5 24. Qg3+ Qg6 25. Qxg6+ fxg6 26. Rxe5 d3 27.
Rd1 Kf7 28. Re3 Re8 29. Rxe8 Kxe8 30. f4 d2 31. c6 Rd3 32. Kf2 Kd8 33. Ke2 Rxa3
34. Rxd2+ Kc7 35. b5 Rb3 36. Rd7+ Kc8 37. Rxa7 Rxb5 38. Ra8+ Kc7 39. Rg8 Kxc6
40. Rxg6+ Kd5 41. Rxh6 Ke4 42. g3 Rb2+ 43. Kd1 Kd3 44. Kc1 Rg2 45. Rh5 Ke4 46.
Kd1 Kd3 47. Ke1 Ke4 48. Kf1 Ra2 49. Rh8 Kf3 50. Ke1 Ke3 51. Kd1 Rg2 52. Re8+
Kf3 53. g4 Rxg4 54. Re1 Kxf4 55. Rf1+ Ke4 56. Ke2 Rh4 57. Rf2 Rh3 58. Kf1 f4
59. Rg2 f3 60. Ra2 Ke3 1/2-1/2

[Event "Sommerschach 2022 Vereinsspieler"]
[Site "Dortmund"]
[Date "2022.07.11"]
[Round "5.34"]
[White "Zabel, Reinhard"]
[Black "Bensch, Christian"]
[Result "1-0"]
[WhiteElo "1435"]
[BlackElo "1323"]
[PlyCount "101"]
[EventDate "2022.07.??"]
[EventType "tourn"]
[EventRounds "7"]
[WhiteTeam "SC Doppelbauer Brambauer"]
[BlackTeam "SC Wambel"]

1. d4 Nf6 2. c4 e6 3. Nf3 d5 4. cxd5 exd5 5. e3 Bb4+ 6. Bd2 Bxd2+ 7. Qxd2 O-O
8. Nc3 c6 9. Be2 Re8 10. O-O Bg4 11. Rac1 Nbd7 12. h3 Bh5 13. Nh2 Bxe2 14. Qxe2
Nf8 15. Rfe1 Qd7 16. Ng4 Nxg4 17. Qxg4 Qxg4 18. hxg4 Re6 19. Re2 Rae8 20. Rce1
Nd7 21. f3 h6 22. Kf2 Nf6 23. Kg3 g5 24. f4 Ne4+ 25. Nxe4 Rxe4 26. Kf3 gxf4 27.
exf4 Rxe2 28. Rxe2 Rxe2 29. Kxe2 Kg7 30. b4 b6 31. a4 Kg6 32. Kd3 f5 33. gxf5+
Kxf5 34. g3 h5 35. Kc3 Ke4 36. b5 cxb5 37. axb5 h4 38. gxh4 Kxf4 39. Kd3 Kg4
40. Ke3 Kxh4 41. Kf4 Kh5 42. Ke5 Kg6 43. Kxd5 Kf7 44. Kc6 Ke7 45. d5 Kd8 46.
Kd6 Kc8 47. Ke7 a5 48. bxa6 b5 49. d6 b4 50. d7+ Kc7 51. d8=Q+ 1-0

[Event "Sommerschach 2022 Vereinsspieler"]
[Site "Dortmund"]
[Date "2022.07.11"]
[Round "5.35"]
[White "Foltin, Alica"]
[Black "Strotmann, Dieter"]
[Result "1-0"]
[WhiteElo "1456"]
[BlackElo "1168"]
[PlyCount "65"]
[EventDate "2022.07.??"]
[EventType "tourn"]
[EventRounds "7"]
[WhiteTeam "SV Waltrop"]
[BlackTeam "SVG Marten-Bövinghausen"]

1. e4 e5 2. Nc3 Nf6 3. f4 exf4 4. e5 Qe7 5. Qe2 Ng8 6. Nf3 c6 7. d4 d5 8. Bxf4
h6 9. O-O-O Be6 10. Qf2 Nd7 11. Bd3 g5 12. Bd2 Bg7 13. h4 g4 14. Nh2 h5 15. Bg5
Bh6 16. Bxh6 Nxh6 17. Ne2 Rg8 18. g3 f5 19. exf6 Qxf6 20. Nf4 O-O-O 21. Qe3
Rde8 22. Nxh5 Qh8 23. Nf4 Bf5 24. Qf2 Bxd3 25. Rxd3 Nf5 26. Nf1 Re4 27. c3 Rge8
28. Nd2 Re3 29. Rxe3 Rxe3 30. Rg1 Qe8 31. Ng2 Re2 32. Qxf5 Qe3 33. Nxe3 1-0

[Event "Sommerschach 2022 Vereinsspieler"]
[Site "Dortmund"]
[Date "2022.07.11"]
[Round "5.36"]
[White "Volmer, Martin"]
[Black "Sieberg, Rolf"]
[Result "1-0"]
[WhiteElo "1560"]
[BlackElo "1891"]
[PlyCount "53"]
[EventDate "2022.07.??"]
[EventType "tourn"]
[EventRounds "7"]
[WhiteTeam "SG Mengede"]
[BlackTeam "Sport Union Annen"]

1. d4 Nf6 2. Nf3 g6 3. c4 Bg7 4. Nc3 O-O 5. e4 d6 6. Be2 Nbd7 7. O-O c5 8. d5
Ne8 9. Be3 f5 10. exf5 Rxf5 11. Bd3 Rf8 12. Re1 Ne5 13. Nxe5 Bxe5 14. Qe2 Bg7
15. Rab1 Bf5 16. Bxf5 Rxf5 17. Qd2 Nf6 18. h3 Nd7 19. Ne4 Ne5 20. b3 Qd7 21.
Ng5 Re8 22. Ne6 Rh5 23. f4 Nf7 24. Kh2 g5 25. g4 gxf4 26. gxh5 fxe3 27. Qg2 1-0

[Event "Sommerschach 2022 Vereinsspieler"]
[Site "Dortmund"]
[Date "2022.07.11"]
[Round "5.37"]
[White "Griese, Andreas"]
[Black "Grimme, Rudolf"]
[Result "1/2-1/2"]
[WhiteElo "1151"]
[BlackElo "1382"]
[PlyCount "57"]
[EventDate "2022.07.??"]
[EventType "tourn"]
[EventRounds "7"]
[WhiteTeam "SC Hansa Dortmund"]
[BlackTeam "SVG Marten-Bövinghausen"]

1. c4 e5 2. g3 Nf6 3. Bg2 c6 4. e4 d5 5. cxd5 cxd5 6. exd5 Nxd5 7. Nc3 Be6 8.
d3 Be7 9. Nge2 Nc6 10. O-O Qd7 11. a3 Nf6 12. Bg5 h6 13. Be3 O-O 14. f4 Bh3 15.
fxe5 Nxe5 16. Nf4 Bxg2 17. Kxg2 Rfd8 18. d4 Nc4 19. Qe2 Nb6 20. Rad1 Nbd5 21.
Ncxd5 Nxd5 22. Nxd5 Qxd5+ 23. Qf3 b6 24. b4 Qb3 25. Kh3 Qd5 26. Qxd5 Rxd5 27.
Rd3 Rc8 28. Re1 Bf6 29. Red1 1/2-1/2

[Event "Sommerschach 2022 Vereinsspieler"]
[Site "Dortmund"]
[Date "2022.07.11"]
[Round "5.38"]
[White "Hagelskamp, Fabio"]
[Black "Mokros, Jürgen"]
[Result "0-1"]
[WhiteElo "1084"]
[BlackElo "1611"]
[PlyCount "54"]
[EventDate "2022.07.??"]
[EventType "tourn"]
[EventRounds "7"]
[WhiteTeam "SV Waltrop"]
[BlackTeam "FS Dortmund"]

1. e4 e6 2. d4 d5 3. exd5 exd5 4. Nc3 c6 5. Nf3 Bd6 6. g3 Ne7 7. Bg2 O-O 8. O-O
Ng6 9. Re1 Qc7 10. Be3 Bg4 11. Qd3 Na6 12. a3 Qd7 13. b4 Nc7 14. Qd2 Qf5 15.
Na4 Bxf3 16. Bxf3 Qxf3 17. Nb2 Ne6 18. Nd3 h5 19. h4 Rae8 20. c3 f5 21. Ne5
Bxe5 22. dxe5 f4 23. Bxa7 fxg3 24. fxg3 Qxg3+ 25. Qg2 Qxg2+ 26. Kxg2 Nxh4+ 27.
Kh3 g5 0-1

[Event "Sommerschach 2022 Hobbyspieler"]
[Site "Dortmund"]
[Date "2022.07.11"]
[Round "5.1"]
[White "Püttmann, Luca"]
[Black "Dziuk, Dariusz"]
[Result "1-0"]
[WhiteElo "1263"]
[BlackElo "1082"]
[PlyCount "128"]
[EventDate "2022.07.??"]
[EventType "tourn"]
[EventRounds "7"]
[WhiteTeam "SV Kamen"]
[BlackTeam "SV Unna"]

1. e4 e5 2. Nf3 Nc6 3. Bc4 Bc5 4. c3 d6 5. d4 exd4 6. cxd4 Bb4+ 7. Nc3 h6 8. h3
Nf6 9. O-O O-O 10. Re1 Re8 11. Qb3 Qd7 12. e5 d5 13. exf6 Rxe1+ 14. Nxe1 dxc4
15. Qxc4 Qxd4 16. Qxd4 Nxd4 17. Be3 Bxc3 18. bxc3 Ne2+ 19. Kh2 Nxc3 20. fxg7 h5
21. Nd3 Be6 22. a3 b6 23. Nf4 h4 24. Rc1 Nd5 25. Nxd5 Bxd5 26. Rxc7 Kxg7 27.
Bg5 b5 28. Rc5 Bc4 29. Bxh4 a5 30. Bg5 a4 31. Bd2 Rd8 32. Bb4 Kg6 33. Re5 Rd4
34. g3 Rd1 35. Re1 Rd5 36. g4 Rd3 37. Re3 Rd1 38. f4 Rd3 39. Rxd3 Bxd3 40. Kg3
f5 41. Kf2 Bc4 42. Bd6 Be6 43. Kg3 Bd7 44. Kh4 Be6 45. Bb4 Bd7 46. Bd2 Be6 47.
Kg3 Bd7 48. Be1 Be6 49. Kf3 Bd5+ 50. Ke3 Bc6 51. g5 Bg2 52. h4 Bf1 53. Kd4 Bc4
54. Ke5 Bd3 55. Bd2 Be4 56. Ke6 Bd3 57. Bb4 Be2 58. Bd2 Bf3 59. Kd6 Be2 60. Kc5
Bf1 61. Kd5 Bg2+ 62. Ke5 Be4 63. h5+ Kxh5 64. Kf6 Bd3 1-0

[Event "Sommerschach 2022 Hobbyspieler"]
[Site "Dortmund"]
[Date "2022.07.11"]
[Round "5.2"]
[White "Rogner, Alex"]
[Black "Bässler, Michael"]
[Result "1-0"]
[WhiteElo "1040"]
[BlackElo "996"]
[PlyCount "99"]
[EventDate "2022.07.??"]
[EventType "tourn"]
[EventRounds "7"]
[WhiteTeam "SF Brackel"]
[BlackTeam "SC Hansa Dortmund"]

1. e4 e5 2. Nf3 Nc6 3. Bc4 Bc5 4. c3 Nf6 5. d4 exd4 6. cxd4 Bb4+ 7. Nc3 d6 8.
O-O h6 9. Qd3 a6 10. h3 Ne7 11. Bxf7+ Kf8 12. Bb3 Ba5 13. Qc4 d5 14. exd5 b5
15. Qe2 Nfxd5 16. Nxd5 Nxd5 17. Bxd5 Qxd5 18. Qe5 Qxe5 19. Nxe5 Bf5 20. g4 Bh7
21. Be3 Re8 22. a3 Re6 23. b4 Bb6 24. Nd7+ Ke7 25. Nxb6 Rxb6 26. Rfe1 Kf7 27.
Rac1 Rc8 28. Bf4 Re6 29. Rxe6 Kxe6 30. Rxc7 Rxc7 31. Bxc7 Kd5 32. Be5 g6 33.
Bg7 Bg8 34. Bxh6 Kxd4 35. f4 Kd5 36. Kf2 Ke4 37. Kg3 Kd5 38. h4 Bf7 39. Bg5 Ke6
40. Kf3 Be8 41. Ke4 Bc6+ 42. Ke3 Kd5 43. h5 gxh5 44. gxh5 Ke6 45. h6 Kf7 46.
Kd4 Bb7 47. Kc5 Kg8 48. Kb6 Bc8 49. Kc7 Bf5 50. Kb7 1-0

[Event "Sommerschach 2022 Hobbyspieler"]
[Site "Dortmund"]
[Date "2022.07.11"]
[Round "5.3"]
[White "Libert, Nick"]
[Black "Romich, Mark Samo"]
[Result "1-0"]
[WhiteElo "1027"]
[BlackElo "1200"]
[PlyCount "54"]
[EventDate "2022.07.??"]
[EventType "tourn"]
[EventRounds "7"]
[WhiteTeam "SF Brackel"]
[BlackTeam "SV Erkenschwick"]

1. e4 e5 2. Nf3 Nc6 3. Bc4 Qe7 4. Nc3 Nf6 5. d3 Nd4 6. Nxd4 exd4 7. Nd5 Nxd5 8.
Bxd5 c6 9. Bb3 Qe5 10. Qf3 d5 11. O-O Be6 12. exd5 cxd5 13. Bd2 Bd6 14. Qg3
O-O-O 15. Qxe5 Bxe5 16. Rac1 Kb8 17. Rfe1 f6 18. c3 Rc8 19. cxd4 Bxd4 20. Rxe6
Bxb2 21. Rxc8+ Rxc8 22. g3 g5 23. Bxd5 Rc2 24. Re2 Rc5 25. Bf3 h6 26. Bf4+ Be5
27. d4 Rb5 1-0

[Event "Sommerschach 2022 Hobbyspieler"]
[Site "Dortmund"]
[Date "2022.07.11"]
[Round "5.4"]
[White "Schulz, Wolfgang"]
[Black "Flottau, Kilian"]
[Result "1-0"]
[WhiteElo "938"]
[BlackElo "1200"]
[PlyCount "137"]
[EventDate "2022.07.??"]
[EventType "tourn"]
[EventRounds "7"]
[WhiteTeam "SC Gerthe - Werne"]

1. d4 Nf6 2. Nd2 e6 3. e4 c5 4. Ngf3 Nc6 5. c3 Qb6 6. d5 exd5 7. exd5 Nxd5 8.
Nc4 Qd8 9. Qxd5 d6 10. Bg5 Be6 11. Qd3 f6 12. Be3 d5 13. Ncd2 c4 14. Qc2 b5 15.
a4 Qa5 16. Be2 b4 17. Nd4 Nxd4 18. Bxd4 b3 19. Qd1 Bd6 20. O-O Qc7 21. g3 Qf7
22. Re1 h5 23. Bf3 Kd7 24. Qb1 g5 25. Bg2 h4 26. Re3 hxg3 27. fxg3 Qh5 28. Nf1
Rh6 29. Qe1 Bg4 30. Qf2 f5 31. Bxd5 Rf8 32. Be6+ Kc7 33. Bg7 Bc5 34. Bxh6 Qxh6
35. Bxc4 f4 36. Qd2 Re8 37. Rae1 fxe3 38. Nxe3 Qb6 39. Kg2 Rxe3 40. h3 Rxe1 41.
Qxe1 Qc6+ 42. Kh2 Bd7 43. Qe5+ Kb6 44. Qb8+ Qb7 45. a5+ Kc6 46. Bd5+ Kxd5 47.
Qxb7+ Bc6 48. Qf7+ Kd6 49. Qxb3 Bd5 50. Qb8+ Ke6 51. Qg8+ Kd6 52. Qxg5 Kc6 53.
h4 Bc4 54. Qg6+ Kb5 55. h5 Kxa5 56. h6 Bd3 57. Qxd3 Kb6 58. b4 Bxb4 59. cxb4 a5
60. h7 axb4 61. h8=R Kc5 62. Rd8 b3 63. Qc3+ Kb6 64. Qxb3+ Kc6 65. Qd5+ Kc7 66.
Qd6+ Kb7 67. Rd7+ Ka8 68. Qa6+ Kb8 69. Qb7# 1-0

[Event "Sommerschach 2022 Hobbyspieler"]
[Site "Dortmund"]
[Date "2022.07.11"]
[Round "5.5"]
[White "Dabrowski, Mike"]
[Black "Bonn, Marcel"]
[Result "1-0"]
[WhiteElo "1200"]
[BlackElo "832"]
[PlyCount "59"]
[EventDate "2022.07.??"]
[EventType "tourn"]
[EventRounds "7"]
[BlackTeam "SC Hansa Dortmund"]

1. e4 e5 2. Nf3 Nc6 3. Bb5 d6 4. c3 a6 5. Ba4 b5 6. Bc2 Nf6 7. d4 Bb7 8. O-O
Be7 9. d5 Na5 10. Nbd2 c6 11. b4 Nc4 12. Nxc4 bxc4 13. dxc6 Bxc6 14. Qe2 Rc8
15. Rd1 Bd7 16. Bg5 h6 17. Bxf6 Bxf6 18. Rxd6 a5 19. Ba4 Rc7 20. Rad1 Bxa4 21.
Rxd8+ Bxd8 22. Rd5 O-O 23. Rxa5 Bd7 24. Nxe5 Be6 25. g3 f6 26. Ng6 Rff7 27. Ra8
Rfd7 28. Kg2 Kh7 29. Nf8+ Kg8 30. Nxe6 1-0

[Event "Sommerschach 2022 Hobbyspieler"]
[Site "Dortmund"]
[Date "2022.07.11"]
[Round "5.6"]
[White "Handoulla, Bilal"]
[Black "Schmidt, Andreas Norbert"]
[Result "1-0"]
[WhiteElo "1200"]
[BlackElo "1124"]
[PlyCount "85"]
[EventDate "2022.07.??"]
[EventType "tourn"]
[EventRounds "7"]
[BlackTeam "SF Brackel"]

1. e4 e5 2. Bc4 c6 3. Nc3 Nf6 4. d3 d5 5. exd5 cxd5 6. Bb3 Bb4 7. Nge2 d4 8.
O-O dxc3 9. bxc3 Bd6 10. Re1 O-O 11. Bg5 Be6 12. c4 h6 13. Bh4 Nbd7 14. d4 Qc7
15. c5 Be7 16. d5 Rad8 17. d6 Bxd6 18. cxd6 Qc5 19. Rc1 g5 20. Bg3 Ne4 21. Nd4
Nc3 22. Nxe6 fxe6 23. Bxe6+ Kg7 24. Qd2 Nxa2 25. Rcd1 Nc3 26. Bxd7 Rxd7 27.
Bxe5+ Kg6 28. Bxc3 Rxd6 29. Bd4 Rxd4 30. Qxd4 Qxc2 31. Rd2 Qf5 32. h3 a5 33.
Qe4 Qxe4 34. Rxe4 Ra8 35. g4 a4 36. Ra2 b5 37. Rb4 Ra5 38. Kf1 a3 39. Ke2 Kf6
40. Kd3 Ra4 41. Rxa4 bxa4 42. Rxa3 Ke5 43. Rxa4 1-0

[Event "Sommerschach 2022 Hobbyspieler"]
[Site "Dortmund"]
[Date "2022.07.11"]
[Round "5.7"]
[White "Frölich, Andreas"]
[Black "Buntscheck, Stefan"]
[Result "0-1"]
[WhiteElo "1123"]
[BlackElo "1200"]
[PlyCount "70"]
[EventDate "2022.07.??"]
[EventType "tourn"]
[EventRounds "7"]
[WhiteTeam "SV Rochade Eving"]

1. e4 c6 2. Nf3 d6 3. d4 Nf6 4. Nc3 d5 5. exd5 cxd5 6. Bb5+ Nbd7 7. Ne5 e6 8.
Bg5 Be7 9. O-O O-O 10. Bxf6 Nxf6 11. a3 a6 12. Bd3 Bd6 13. Na2 a5 14. c4 Bxe5
15. dxe5 Ne8 16. cxd5 exd5 17. Rc1 g6 18. Nc3 Be6 19. Bb5 Nc7 20. Ba4 Bd7 21.
Bxd7 Qxd7 22. Ne4 Qe6 23. Nf6+ Kg7 24. Rxc7 Qb6 25. Rc2 Rad8 26. Rd2 d4 27. f4
d3+ 28. Kh1 Rd4 29. Rxd3 Rfd8 30. Rxd4 Rxd4 31. Qc2 h5 32. f5 Kh6 33. fxg6 fxg6
34. Qc1+ g5 35. h4 Rxh4# 0-1

[Event "Sommerschach 2022 Hobbyspieler"]
[Site "Dortmund"]
[Date "2022.07.11"]
[Round "5.8"]
[White "Westermann, Thomas"]
[Black "Böckmann, Lieselotte"]
[Result "1-0"]
[WhiteElo "1200"]
[BlackElo "954"]
[PlyCount "31"]
[EventDate "2022.07.??"]
[EventType "tourn"]
[EventRounds "7"]
[BlackTeam "FS Dortmund"]

1. e4 g6 2. d4 Bg7 3. Nf3 Nf6 4. Nc3 O-O 5. Be3 Nc6 6. Bd3 d5 7. e5 Ng4 8. Bd2
Bh6 9. h3 Bg7 10. hxg4 Bxg4 11. Be2 Bf5 12. a3 a6 13. Bh6 e6 14. Bxg7 Kxg7 15.
Qd2 h6 16. Qxh6+ 1-0

[Event "Sommerschach 2022 Hobbyspieler"]
[Site "Dortmund"]
[Date "2022.07.11"]
[Round "5.9"]
[White "Knöner, Horst"]
[Black "Lin, Amy"]
[Result "1-0"]
[WhiteElo "959"]
[BlackElo "1200"]
[PlyCount "44"]
[EventDate "2022.07.??"]
[EventType "tourn"]
[EventRounds "7"]
[BlackTeam "Ewaldi Aplerbeck"]

1. d4 e6 2. Nf3 c5 3. e3 c4 4. Bxc4 Nc6 5. a3 Nf6 6. Nc3 Bd6 7. O-O O-O 8. Bb5
a6 9. Bxc6 bxc6 10. h3 h6 11. Re1 Re8 12. e4 a5 13. e5 Be7 14. exf6 Bxf6 15.
Ne4 Be7 16. Bd2 f5 17. Nc3 a4 18. b4 Kf8 19. Ne5 d6 20. Nxc6 Qd7 21. b5 Bh4 22.
Qh5 Bf6 1-0